banner koha

Guia de inspeção de campos para produção de sementes (Registro n. 81547)

MARC details
000 -LÍDER
campo de controle de tamanho fixo 01192nam a22003617a 4500
001 - NÚMERO DE CONTROLE
campo de controle BR2015006145
003 - IDENTIFICADOR DO NÚMERO DE CONTROLE
campo de controle BR-BrBNA
005 - DATA E HORÁRIO DA ÚLTIMA TRANSAÇÃO
campo de controle 20250204105446.0
007 - CAMPO FIXO DE DESCRIÇÃO FÍSICA--INFORMAÇÃO GERAL
campo de controle de tamanho fixo ta
008 - CAMPO DE DADOS FIXOS--INFORMAÇÃO GERAL
campo de controle de tamanho fixo 230509b bl.||||| |||| 00| 0 por d
040 ## - FONTE DA CATALOGAÇÃO
Instituição da catalogação original BR-BrBNA
Idioma da catalogação por
Instituição que transcreveu o registro Biblioteca Nacional de Agricultura
041 ## - CÓDIGO DE IDIOMA
Código do idioma do texto/trilha sonora ou título diferente (Por)
072 ## - CÓDIGO DE CATEGORIA DE ASSUNTO
Código de Categoria de Assunto F03; Q03
Código do objeto 3575
100 1# - ENTRADA PRINCIPAL--NOME PESSOAL
Nome pessoal Francelino, J.N.
100 1# - ENTRADA PRINCIPAL--NOME PESSOAL
Nome pessoal Peixoto Filho, S.C.
100 1# - ENTRADA PRINCIPAL--NOME PESSOAL
Nome pessoal Caruso, H.
100 1# - ENTRADA PRINCIPAL--NOME PESSOAL
Nome pessoal Miranda, L.C.
100 1# - ENTRADA PRINCIPAL--NOME PESSOAL
Nome pessoal Dengler, R.U.
100 1# - ENTRADA PRINCIPAL--NOME PESSOAL
Nome pessoal Miranda, Z. de F.S.
110 1# - ENTRADA PRINCIPAL--NOME CORPORATIVO
Nome corporativo ou nome da jurisdição Ministério da Agricultura, Pecuária e Abastecimento, Brasília, DF (Brasil). Secretaria de Defesa Agropecuária
9 (RLIN) 6721
245 1# - TÍTULO
Título Guia de inspeção de campos para produção de sementes
250 1# - EDIÇÃO
Edição 3. ed.
260 3# - PUBLICAÇÃO, DISTRIBUIÇÃO, ETC.
Local de publicação, distribuição, etc. Brasília, DF (Brasil):
Data da publicação, distribuição, etc. 2011.
300 ## - DESCRIÇÃO FÍSICA
Extensão 41 p.
500 ## - NOTA GERAL
Nota geral 18 ref.; Summary (Por); 21 illus.; 4 tables
650 ## - ASSUNTO--TERMO TÓPICO
Cabeçalho tópico ou nome geográfico PRODUÇÃO DE SEMENTES
650 ## - ASSUNTO--TERMO TÓPICO
Cabeçalho tópico ou nome geográfico CONTROLE DE QUALIDADE
650 ## - ASSUNTO--TERMO TÓPICO
Cabeçalho tópico ou nome geográfico INOVAÇÃO
650 ## - ASSUNTO--TERMO TÓPICO
Cabeçalho tópico ou nome geográfico INSPEÇÃO VEGETAL
650 ## - ASSUNTO--TERMO TÓPICO
Cabeçalho tópico ou nome geográfico POLUENTE
856 ## - LOCALIZAÇÃO ELETRÔNICA E ACESSO
Uniform Resource Identifier <a href="https://repositorio-dspace.agricultura.gov.br/bitstream/1/424/1/guia-de-inspecao-de-campos-para-producao-de-sementes.pdf">https://repositorio-dspace.agricultura.gov.br/bitstream/1/424/1/guia-de-inspecao-de-campos-para-producao-de-sementes.pdf</a>
942 ## - ELEMENTOS DE ENTRADA ADICIONADOS (KOHA)
Tipo de material Koha Livros
Fonte da classificação ou esquema de arquivamento na estante Classificação AGRIS
Exemplares
Situação do descarte Fonte da classificação ou esquema de arquivamento na estante Situação física Não pode ser emprestado Coleção Biblioteca de origem Biblioteca atual Total de empréstimos Número de telefone completo Código de barras Data de último acesso Número do exemplar Tipo de material Koha Situação das perdas Data de aquisição Fonte de aquisição
  Classificação AGRIS       Biblioteca Nacional de Agricultura - Binagri Biblioteca Nacional de Agricultura - Binagri   3575 BR2015006145 3575 BR2015006145 25/09/2023 01 Livros   2023-09-25 Portaria Interministerial nº 164/94

BINAGRI

Telefone: (61)3218-2567/2388/3357/2097 - binagri@agro.gov.br

Ministério da Agricultura e Pecuária , Esplanada dos Ministérios, Bloco D, Anexo B, Brasília/DF, CEP: 70.043-900